|
|
|
|
| LEADER |
00000nam a2200000 a 4500 |
| 001 |
vtls001438724 |
| 003 |
SK-MaSNL |
| 005 |
20260301202904.0 |
| 008 |
240801s2001 xo a rb y slo |
| 015 |
|
|
|a SNBA2002/11-03679
|
| 020 |
|
|
|a 8089053025
|
| 035 |
|
|
|a SNK000393863
|
| 035 |
|
|
|a urn:nbn:sk:snk-amkoaj
|
| 035 |
|
|
|a urn:nbn:sk:snk-am003dbj
|
| 035 |
|
|
|a 6DEAE31D-70AC-4A74-BE73-C5A9DDD1BEDE
|
| 040 |
|
|
|a SNK
|b slo
|c SNK
|e AACR2
|
| 041 |
0 |
|
|a slo
|
| 044 |
|
|
|a xo
|c SK
|
| 080 |
|
|
|a 885.4-2
|2 1981
|
| 100 |
1 |
|
|a Jurák, Ján,
|d 1930-2015
|4 aut
|9 205437
|
| 245 |
1 |
0 |
|a Svetlo života
|b obrazy zo života Jozefa Ľudovíta Holubyho a jeho syna Cyrila
|c Ján Jurák
|
| 260 |
|
|
|a Nové Mesto nad Váhom
|b Floppy servis
|c 2001
|
| 300 |
|
|
|a 39 s.
|c 30 cm
|
| 500 |
|
|
|a Obalový názov
|
| 504 |
|
|
|a Študijné pramene
|
| 650 |
0 |
7 |
|a hry divadelné slovenské
|2 SNK
|9 289337
|
| 655 |
|
7 |
|a umelecká literatúra
|2 SNK
|9 60405
|
| 852 |
|
|
|a Slovenská národná knižnica
|
| 919 |
|
|
|a 80-89053-02-5
|
| 954 |
|
|
|a beletria pôvodná (slovenská)
|2 lita
|
| 958 |
|
|
|a TL
|
| 958 |
|
|
|a NB
|
| 958 |
|
|
|a BQ
|
| 958 |
|
|
|a LX
|
| 999 |
|
|
|c 900589
|d 902519
|
| 952 |
|
|
|t P60, <03>, [BOOK], {603}
|a SNK
|b SNK
|y PREZ
|7 0
|p 17A0352764
|o snkSB 65353
|i snkKSP 9602/2002
|0 0
|1 0
|4 0
|d 2002-08-08
|f 1
|l 0
|r 2017-06-30 00:00:00
|w 2026-02-24
|
| 952 |
|
|
|t P60, <04>, [BOOK], {604}
|a SNK
|b SNK
|y VYP
|7 0
|p 17A0352765
|o snkSB 65353 D1
|i snkKSP 9603/2002
|0 0
|1 0
|4 0
|d 2002-08-08
|l 0
|r 2005-01-02 00:00:00
|w 2026-02-24
|